000 01468nam a2200397 c 4500
999 _c93062
_d93062
003 BLK
005 20240710005429.0
008 180408b bul|||||r ||||||| ||bul||
010 _aKNG00097851000
040 _aBLK
041 _aBUL
_cBUL
080 _aНационални народни празници. Народни развлечения
_b394.2
_z394.2
100 1 _aГанева-Райчева, Валентина
_eпърви автор
_9305236
139 _aГанева-Райчева, Валентина
_bГ 20
245 1 0 _aЕньовден
_bИзследване
_cВалентина Ганева-Райчева.
257 _aBGR
260 _bСептември
_c1990
_aСофия
300 _a80 с.
_bс ил.
_c20 см
380 _a3
490 1 _aБългарски празници и обичаи
500 _aБиблиогр. с. 78-79
650 4 _aПразници, български
_9243477
650 4 _aЕньовден
_9154967
650 7 _aНародни обичаи и обреди, български
_2
_9163359
653 _aЕньовден
653 _aпразници
653 _aобичаи
653 _aобреди
852 _aЦб 163298
856 4 _qpdf
856 4 _qpdf
942 _cKNG
_n0
_01
_s1
944 _aCR
_c08.11.2010
_lCRON CRON
_k
944 _aED
_c23.02.2015
_lдобави в АБ / 05.11.2010
999 _d93062